000 00737nam a22002537a 4500
003 OSt
008 260408b |||||||| |||| 00| 0 eng d
020 _a9789390425631
082 _a630.7150954
_bR88B
245 _aBuilding Self-Reliant India Through Techno-Rich Extension System in Agriculture and Allied Sectors /
_cby S. K. Roy...[et al.]
260 _a.- Delhi
_b: IBPSS
_c, 2022
300 _axv,331p.
650 _aTechnology (Applied Sciences)
650 _aAgriculture and Related Technologies
650 _aAgriculture
650 _aExtension
650 _aBuilding
650 _aIndia
700 _aRoy, S. K.
700 _aPal, P. P.
700 _aGhosh, P. K.
700 _aMishra, Anupam.
942 _2ddc
_cBK
999 _c50040
_d50040